00366 a2200157 4500001000700000020001800007040002200025041001600047082002500063100003600088245002500124250000900149260002900158300000800187362001300195130856 a85-224-0408-9 cLeonardo Da Vinci aPortuguês a658.802 M837mbM837m aMOREIRA, José Carlos Teixeira aMarketing industrial a2.ed bAtlasc1995aSão Paulo a229 a19950000